| 000 | 00409nam a2200157Ia 4500 | ||
|---|---|---|---|
| 008 | 230312s9999||||xx |||||||||||||| ||und|| | ||
| 020 | _a93-80096-49--0 | ||
| 082 |
_a363.96 _bDES-H |
||
| 100 | _aDesai,Ranjana | ||
| 245 | 0 | _aHealth,Family Planning and Social Welfare | |
| 260 |
_bAlfa Publications _aIndia _c2009 |
||
| 300 | _a276 | ||
| 546 | _aEng. | ||
| 650 |
_aMedical _vHealth.social welfare |
||
| 942 | _cBK | ||
| 999 |
_c6563 _d6563 |
||